000
00251nam a22001217a 4500
082
_a
891.4392
100
_a
Naseem Hajazi
245
_a
Qaiser O Kisra
260
_a
Lahore
_b
Jahangir
_c
2003.
300
_a
736.p ;
500
_a
Hardcover.
942
_c
BK
999
_c
33096
_d
33096